Catálogo
 En Linea
Vista normal Vista MARC

Entrada Término temático

Número de registros utilizados en: 2

001 - NÚMERO DE CONTROL

  • campo de control: 31487

003 - IDENTIFICADOR DEL NÚMERO DE CONTROL

  • campo de control: BNPHU

005 - FECHA Y HORA DE LA ÚLTIMA TRANSACCIÓN

  • campo de control: 20240403134709.0

008 - DATOS DE LONGITUD FIJA

  • campo de control de longitud fija: 200615|| aca||aabn | a|a d

010 ## - NÚMERO DE CONTROL DE LA BIBLIOTECA DEL CONGRESO

  • Número de control de LC: sh 85037341

040 ## - FUENTE DE LA CATALOGACIÓN

  • Centro catalogador/agencia de origen: DO-SdBNP
  • Lengua de catalogación: spa
  • Centro/agencia transcriptor: BNPHU
  • Normas de descripción: rda

150 ## - ENCABEZAMIENTO--TÉRMINO DE MATERIA

  • Término de materia o nombre geográfico como elemento de entrada: Países en desarrollo

450 ## - TRAZADO DE VÉASE--TÉRMINO DE MATERIA

  • Término de materia o nombre geográfico como elemento de entrada: Naciones emergentes

451 10 - TRAZADO DE VÉASE--NOMBRE GEOGRÁFICO

  • Nombre geográfico: Developing countries

451 ## - TRAZADO DE VÉASE--NOMBRE GEOGRÁFICO

  • Nombre geográfico: Países emergentes

451 ## - TRAZADO DE VÉASE--NOMBRE GEOGRÁFICO

  • Nombre geográfico: Cuarto mundo

451 ## - TRAZADO DE VÉASE--NOMBRE GEOGRÁFICO

  • Nombre geográfico: Sur global

451 ## - TRAZADO DE VÉASE--NOMBRE GEOGRÁFICO

  • Nombre geográfico: Países menos desarrollados

451 ## - TRAZADO DE VÉASE--NOMBRE GEOGRÁFICO

  • Nombre geográfico: Países recientemente industrializados

451 ## - TRAZADO DE VÉASE--NOMBRE GEOGRÁFICO

  • Nombre geográfico: Tercer Mundo

451 ## - TRAZADO DE VÉASE--NOMBRE GEOGRÁFICO

  • Nombre geográfico: Áreas subdesarrolladas

451 ## - TRAZADO DE VÉASE--NOMBRE GEOGRÁFICO

  • Nombre geográfico: Países subdesarrollados

550 ## - TRAZADO VÉASE ADEMÁS--TÉRMINO DE MATERIA

  • Término de materia o nombre geográfico como elemento de entrada: Economic development

550 ## - TRAZADO VÉASE ADEMÁS--TÉRMINO DE MATERIA

  • Término de materia o nombre geográfico como elemento de entrada: Industrialización

551 ## - TRAZADO DE VÉASE ADEMÁS--NOMBRE GEOGRÁFICO

  • Nombre geográfico: Países insulares en desarrollo

670 ## - FUENTE DE DATOS ENCONTRADOS

  • Cita de la fuente: Work cat.: (OSt)13501: Losada Aldana, Ramón. 31486, Dialéctica del subdesarrollo /, 1976.

670 ## - FUENTE DE DATOS ENCONTRADOS

  • Cita de la fuente: DGB/UNAM, 04 diciembre 2008
  • Información encontrada: catálogo electrónico (Países en desarrollo)

670 ## - FUENTE DE DATOS ENCONTRADOS

  • Cita de la fuente: LEMB, 1998:
  • Información encontrada: p. 775 (Países desarrollados, Países en desarrollo)

670 ## - FUENTE DE DATOS ENCONTRADOS

  • Cita de la fuente: Biblioteca del Congreso (Estados Unidos), 04 diciembre 2008:
  • Información encontrada: catálogo electrónico (Developing countries)

670 ## - FUENTE DE DATOS ENCONTRADOS

  • Identificador Uniforme del Recurso: https://authorities.loc.gov/cgi-bin/Pwebrecon.cgi?AuthRecID=4689386&v1=1&HC=4&SEQ=20240403131716&PID=XfER3D9uHypR5Z2yVG5-QXX3LsoL Consultado en: 03/04/2024

Con tecnología Koha